000 00310nam a22001097a 4500
003 OSt
008 231114b |||||||| |||| 00| 0 eng d
041 _aeng
245 _aSmall industry impact scheme
260 _aNew Delhi :
_bCentral Small Industries Organisation, Ministry of Commerce and Industry
942 _cBK
999 _c17808
_d17808